Efficacy and comparative cost of weed control methods in a mature rubber plantation in Nigeria (Record no. 58403)
[ view plain ]
| 000 -LEADER | |
|---|---|
| fixed length control field | 01137nam a2200217Ia 4500 |
| 100 ## - MAIN ENTRY--AUTHOR NAME | |
| Personal name | Esekhade T U |
| 245 #0 - TITLE STATEMENT | |
| Title | Efficacy and comparative cost of weed control methods in a mature rubber plantation in Nigeria |
| 260 ## - PUBLICATION, DISTRIBUTION, ETC. (IMPRINT) | |
| Name of publisher | Indian Journal of Natural Rubber Research |
| Year of publication | 1996 |
| 300 ## - PHYSICAL DESCRIPTION | |
| Number of Pages | 117-122 |
| 520 ## - SUMMARY, ETC. | |
| Summary, etc | The efficacy of three weedicides viz., glufosinate ammonium, paraquat and glyphosate and a combination of paraquat and glyphosate was evaluated at the rates of 0.90, 1.80, 3.00 and 3.80 kg a.i. per ha in two different seasons for weed control in a mature rubber plantation in Nigeria. Manual weeding was included as control. Among the treatments, glufosinate ammonium at the lowest dose was the most cost effective. Considering the efficacy of weed control and the cost, glufosinate ammonium at 1.80 kg a.i. per ha also could be rated as effective. |
| 650 ## - SUBJECT ADDED ENTRY--TOPICAL TERM | |
| Topical Term | Herbicides |
| 650 ## - SUBJECT ADDED ENTRY--TOPICAL TERM | |
| Topical Term | Hevea |
| 650 ## - SUBJECT ADDED ENTRY--TOPICAL TERM | |
| Topical Term | Nigeria |
| 650 ## - SUBJECT ADDED ENTRY--TOPICAL TERM | |
| Topical Term | Weed control |
| 700 ## - ADDED ENTRY--PERSONAL NAME | |
| Personal name | Aigbekaen E O |
| 700 ## - ADDED ENTRY--PERSONAL NAME | |
| Personal name | Imarhiagbe E O |
| 700 ## - ADDED ENTRY--PERSONAL NAME | |
| Personal name | Ojikepon F I |
| 700 ## - ADDED ENTRY--PERSONAL NAME | |
| Personal name | Ugwa I K |
| 942 ## - ADDED ENTRY ELEMENTS (KOHA) | |
| Koha item type | Journals |
| Withdrawn status | Lost status | Damaged status | Not for loan | Home library | Current library | Shelving location | Date acquired | Serial Enumeration / chronology | Koha item type |
|---|---|---|---|---|---|---|---|---|---|
| Journals | RRII Library | RRII Library | Soils and agonomy | 17/12/2021 | Volume 9, Issue 2 | Journals |